000 00240nam a2200097Ia 4500
001 939955
005 20250826215237.0
008 250824s9999 xx 000 0 und d
245 0 _aÇOK HAVALI DENEYLER
_cSABİNE DAHM
260 _bBETA YAYINLARI
999 _c939955
_d939955